تحميل...

Creative Interviewing the writer's guide to gathering information by asking questions

التفاصيل البيبلوغرافية
المؤلف الرئيسي: Metzler, Ken
التنسيق: Printed Book
اللغة:English
منشور في: New Jersey: Prentice Hall; 1977.
LEADER 00543nam a22001457a 4500
008 160312b xxu||||| |||| 00| 0 eng
020 |a 0131897128 
082 |a 070.43  |b MET/C 
100 |a Metzler, Ken 
245 |a Creative Interviewing  |b the writer's guide to gathering information by asking questions 
260 |a New Jersey:  |b Prentice Hall;  |c 1977. 
300 |a 174p.; 
942 |2 ddc  |c BK 
999 |c 149107  |d 149107 
952 |0 0  |1 0  |4 0  |6 070_430000000000000_MET_C  |7 0  |9 159290  |a MCJ  |b MCJ  |c ST1  |d 2011-10-19  |i 881  |l 0  |o 070.43 MET/C  |p MCJ881  |r 2014-06-21  |w 2018-08-08  |y BK